Buen gobierno y política social /

Bewaard in:
Bibliografische gegevens
Hoofdauteur: Giner, Salvador
Andere auteurs: ed. Sarasa, Sebastián ed
Formaat: Texto
Gepubliceerd in: Barcelona: Ariel S.A.
Onderwerpen:
Tags: Voeg label toe
Geen labels, Wees de eerste die dit record labelt!

MARC

LEADER 00000 a a2200000 04500
001 31844
003
040
020 |a 84-344-1809-6  
090 |a 199804  
100 |a Giner, Salvador  
245 |a Buen gobierno y política social /  |c Salvador Giner 
260 |a Barcelona:   |b Ariel S.A.  
300 |a 245 p.  
650 |a ECONOMIA DEL BIENESTAR  
650 |a CRISIS  
650 |a ASPECTOS ECONOMICOS  
650 |a ASPECTOS SOCIALES  
650 |a RECURSOS PRESUPUESTARIOS  
650 |a RECESION ECONOMICA  
650 |a COMPETITIVIDAD  
650 |a VALORES SOCIALES  
650 |a REFORMA SOCIAL  
650 |a CAPITAL SOCIAL  
700 |a ed.   |a Sarasa, Sebastián   |a ed.  
999 |c 13578  |d 13578